Tienes que ser rico (Registro nro. 170052)

Detalles MARC
000 -LEADER
fixed length control field 03165nam a22002537a 4500
007 - PHYSICAL DESCRIPTION FIXED FIELD--GENERAL INFORMATION
fixed length control field cr|||| ||||
008 - FIXED-LENGTH DATA ELEMENTS--GENERAL INFORMATION
fixed length control field 210618s2018 co |||||s|||| 00||0 spa d
020 ## - INTERNATIONAL STANDARD BOOK NUMBER
International Standard Book Number 978-958-762-864-7
035 ## -
-- 33432
040 ## - CATALOGING SOURCE
Original cataloging agency vLex
090 ## -
-- 11816
-- 11816
100 1# - MAIN ENTRY--PERSONAL NAME
Personal name Velásquez Cortés, René
245 10 - TITLE STATEMENT
Title Tienes que ser rico
Medium [Recurso electrónico] :
Remainder of title El mundo cambió. 7 nuevos secretos que les ha permitido a los ricos obtener grandes riquezas y que los pobres desconocen /
Statement of responsibility, etc René Velásquez Cortés
256 ## -
-- Servicio en línea
260 ## - PUBLICATION, DISTRIBUTION, ETC. (IMPRINT)
Place of publication, distribution, etc Bogotá:
Name of publisher, distributor, etc Ediciones de la U,
Date of publication, distribution, etc 2018
300 ## - PHYSICAL DESCRIPTION
Extent 1 recurso electrónico
500 ## - GENERAL NOTE
General note Porqué tienes que ser rico: El mundo ha cambiado, es inevitable la extinción de la clase media, los ricos cada vez son más ricos y los pobres cada vez más pobres, cada vez es más grande la diferencia entre unos y otros, las personas de clase media están pasando a una de las dos categorías, el cambio de la revolución industrial a la era de la información y la tecnología ha ocasionado que las industrias encuentren otras fuentes que les permiten no solo ser conocidas a nivel mundial con mayor rapidez, sino además obtener en otros países mayor oferta de mano de obra calificada y a menor precio, como es el caso de China donde la mano de obra calificada es muy económica en comparación con la de países como Estados Unidos. La anterior ilustración es una de las razones por las que países orientales como China son más productores que cualquier otro país, de hecho Estados Unidos está pasando de ser el mayor productor en el mundo a ser el mayor consumidor, en igualdad de condiciones están otros países a nivel mundial, lo que permite evidenciar que el empleo está en decadencia y a su vez la clase media. Como puedes ver la clase media se está extinguiendo, la distancia entre ricos y pobres cada vez es mayor y no podemos ser ajenos a esa realidad, esta es una de las razones por la que decidí escribir este libro, porque con la desaparición de clase media ya no habrá término medio o eres RICO o eres POBRE, por eso TIENES QUE SER RICO, porque si piensas de otra manera estarías sobreviviendo e incursionando en la categoría de los más necesitados “pobres”. En esta obra te voy a compartir los 7 nuevos secretos que les ha permitido a los ricos obtener grandes riquezas y que los pobres desconocen, estos nuevos secretos son producto de un estudio minucioso del comportamiento, hábitos, actitudes y experiencias de las personas que han logrado el éxito financiero
506 1# - RESTRICTIONS ON ACCESS NOTE
Terms governing access Disponible solo en los productos indicados
Authorized users vLex Global
-- vLex Global (Academic Edition, excluding Law Schools)
-- vLex Global (U.S. Academic Edition, Law Schools)
-- vLex Global (U.S. Academic Edition, excluding Law Schools)
-- vLex Global (Academic Edition, Law Schools)
650 04 - SUBJECT ADDED ENTRY--TOPICAL TERM
Topical term or geographic name as entry element Administración (Management)
Geographic subdivision Colombia
740 0# -
-- vLex Libros (Servicio en línea)
856 40 - LOCALIZACIÓN Y ACCESO ELECTRÓNICO
Identificador Uniforme del Recurso (URI/URL) https://vlex.com/source/tienes-que-ser-rico-el-mundo-cambio-7-nuevos-secretos-que-les-ha-permitido-a-los-ricos-obtener-grandes-riquezas-y-que-los-pobres-desconocen-33432
942 ## -
-- RAA
999 ## -
-- 170052
-- 170052

No hay ítems disponibles.


CONTACTO


NOSOTROS


SITIOS DE INTERES

coordinacion.biblioteca.biblioteca@unienlinea.mx Misión, Visión y Objetivos Bases de datos
Directorio Bibliotecas Digitales y Repositorios
Normatividad Revistas y artículos
Convenios interbibliotecarios
Boletines



Hecho en México. Universidad Insurgentes (UIN). Todos los derechos reservados 2024. Esta página y sus contenidos pueden ser reproducidos con fines no lucrativos, siempre y cuando no se mutile, se cite la fuente completa y su dirección electrónicas. De otra forma requiere permiso previo por escrito de la institución




2024 Copyright Universidad Insurgentes | www.bibliouin.com.mx